000 00346nam a22001457a 4500
008 210305b ||||| |||| 00| 0 eng d
020 _a047109716
041 _aeng
080 _23rd
_a311
082 _a311
100 _a55
101 _aSTA
245 _aIntroductory Statistics for Bussines and Economics
_cWonnacott, Th.H
942 _2udc
_cBK
999 _c55894
_d55894